UEFA Champions League Winners - Statistics

Estatísticas Gerais
  • Esse quiz foi jogado 56 vezes
  • A pontuação média é 18 de 24
Estatísticas das Respostas
Hint Resposta % Correto
15 Real Madrid
100%
5 Barcelona
96%
6 Liverpool
96%
7 Milan
96%
6 Bayern Munchen
94%
3 Inter Milan
94%
3 Manchester United
94%
1 Manchester City
88%
1 PSG
88%
1 Borussia Dortmund
84%
2 Chelsea
84%
2 Juventus
84%
2 Benfica
82%
2 Nottingham Forest
82%
2 Porto
82%
4 Ajax
78%
1 PSV
68%
1 Aston Villa
60%
1 Hamburg
58%
1 Olympique Marseille
56%
1 Celtic
54%
1 Feyenoord
42%
1 Crvena Zvezda
40%
1 Steaua Bucuresti
28%
Nenhum quiz correspondente encontrado
Distribuição das Pontuações
Porcentagem de Pessoas com Cada Pontuação
Percentil de Números Respondidos
Sua Pontuação Histórica
Você não jogou esse quiz